[Event "Sterlitamak-ch U15"]
[Site "Sterlitamak"]
[Date "2016.04.30"]
[Round "11.1"]
[White "Gupalo, Tatiana"]
[Black "Khamitov, Danis"]
[Result "1-0"]
[WhiteElo "1387"]
[BlackElo "1264"]
[PlyCount "95"]
[EventDate "2016.04.11"]
[EventType "swiss"]
[EventRounds "11"]
[EventCountry "RUS"]
[SourceTitle "EXT 2022"]
[Source "ChessBase"]
[SourceDate "2021.10.06"]
[SourceVersion "1"]
[SourceVersionDate "2021.10.06"]
[SourceQuality "1"]

1. d4 d5 2. Bf4 Nf6 3. e3 Bf5 4. c4 e6 5. Nd2 Bd6 6. Bg3 Bxg3 7. hxg3 0-0 8. Ngf3 c6 9. Ne5 Nbd7 10. Nxd7 Qxd7 11. Qb3 Rfe8 12. Nf3 b6 13. Qa4 c5 14. Qxd7 Nxd7 15. cxd5 exd5 16. Bb5 cxd4 17. Nxd4 a6 18. Nxf5 axb5 19. Nd6 Re6 20. Nxb5 Rc6 21. Nd4 Rc5 22. 0-0 b5 23. a3 Nf6 24. Rac1 Rac8 25. Rcd1 h6 26. b4 Rc4 27. Nxb5 Ra8 28. Rc1 Rac8 29. Rcd1 Rb8 30. Nd4 Rbc8 31. Nf5 Kf8 32. Nd6 Ra8 33. Nxc4 dxc4 34. Rc1 Rxa3 35. Rxc4 Nd5 36. Kh2 Ke7 37. Re4+ Kf6 38. Rd1 Nc3 39. Rf4+ Ke7 40. Rd3 g5 41. Rc4 Nb1 42. Rxa3 Nxa3 43. Rc7+ Kf6 44. Rc6+ Kg7 45. Rc8 Kh7 46. Rb8 Kg6 47. b5 Kg7 48. b6 1-0

[Event "Sterlitamak-ch U15"]
[Site "Sterlitamak"]
[Date "2016.04.15"]
[Round "3.1"]
[White "Svinykhov, Egor"]
[Black "Khamitov, Danis"]
[Result "0-1"]
[WhiteElo "1033"]
[BlackElo "1264"]
[PlyCount "62"]
[EventDate "2016.04.11"]
[EventType "swiss"]
[EventRounds "11"]
[EventCountry "RUS"]
[SourceTitle "EXT 2022"]
[Source "ChessBase"]
[SourceDate "2021.10.06"]
[SourceVersion "1"]
[SourceVersionDate "2021.10.06"]
[SourceQuality "1"]

1. e4 e5 2. Nf3 Nc6 3. Nc3 Bc5 4. Bc4 d6 5. Bd5 Nf6 6. Bxc6+ bxc6 7. d3 h6 8. h3 0-0 9. Be3 Bb6 10. Na4 Re8 11. Nxb6 cxb6 12. c4 Ba6 13. a4 d5 14. Qc2 dxe4 15. dxe4 Qd6 16. 0-0 Rad8 17. Rfd1 Qb4 18. Nxe5 Rxd1+ 19. Rxd1 Rxe5 20. f3 Qxc4 21. Qxc4 Bxc4 22. Bf4 Re8 23. Rd6 c5 24. Rc6 Re7 25. Rc8+ Kh7 26. Rd8 a5 27. Rb8 Nd7 28. Rb7 Bb3 29. Bd6 Re8 30. Rxd7 Bxa4 31. Bf4 Bxd7 0-1